[Event "TUR Cup"]
[Site "Denizli"]
[Date "2023.07.19"]
[Round "5"]
[White "Zeyrek, Ayaz"]
[Black "Aydin, Bilal"]
[Result "0-1"]
[WhiteElo "1468"]
[BlackElo "1432"]
[PlyCount "82"]
[EventDate "2023.07.16"]
[EventType "team-tourn"]
[EventRounds "9"]
[EventCountry "TUR"]
[SourceTitle "CBM 215 Extra"]
[Source "ChessBase"]
[SourceDate "2023.09.30"]
[SourceVersion "1"]
[SourceVersionDate "2023.09.30"]
[SourceQuality "1"]

1. d4 d5 2. Nf3 Bf5 3. c4 e6 4. g3 Nf6 5. Bg2 c6 6. Nh4 Bg6 7. Nxg6 hxg6 8. Qb3 Qc8 9. Nc3 Bd6 10. c5 Bc7 11. Bf4 Bxf4 12. gxf4 Nbd7 13. Qd1 b6 14. b4 b5 15. a4 a6 16. e3 Ke7 17. Ke2 Nh5 18. Qc2 Qb7 19. Rhb1 Rhb8 20. Ra2 Ra7 21. Rba1 Rba8 22. Kf3 Qc7 23. h4 Ndf6 24. Qb3 Qd7 25. Bh3 Qb7 26. Ra3 Ne8 27. Bf1 Nc7 28. Qa2 Nf6 29. axb5 cxb5 30. Ra5 Ne4 31. Nxe4 dxe4+ 32. Ke2 Rh8 33. Bg2 Rxh4 34. Rh1 Rxh1 35. Bxh1 Qd5 36. Qc2 Qh5+ 37. f3 Qxh1 38. Qxe4 Nd5 39. Qe5 Rd7 40. Rxa6 Qg2+ 41. Ke1 Nc3 0-1

[Event "TUR-chT2"]
[Site "Konya"]
[Date "2017.07.12"]
[Round "5.14"]
[White "Hanci, Ilker"]
[Black "Aydin, Bilal"]
[Result "1-0"]
[WhiteElo "1603"]
[BlackElo "1535"]
[PlyCount "91"]
[EventDate "2017.07.09"]
[EventType "team-swiss"]
[EventRounds "9"]
[EventCountry "TUR"]
[SourceTitle "CBM 179 Extra"]
[Source "ChessBase"]
[SourceDate "2017.08.23"]
[SourceVersion "1"]
[SourceVersionDate "2017.08.23"]
[SourceQuality "1"]
[WhiteTeam "Sinop Kultur"]
[BlackTeam "Genclik Il Mudurlugu"]
[WhiteTeamCountry "TUR"]
[BlackTeamCountry "TUR"]

1. e4 c5 2. Nc3 d6 3. Nge2 Nc6 4. d4 cxd4 5. Nxd4 g6 6. Be2 Bg7 7. Be3 Nf6 8. 0-0 h5 9. Nf3 Ng4 10. Bg5 Be6 11. Rb1 a6 12. a3 Nge5 13. Nd5 f6 14. Be3 Nxf3+ 15. Bxf3 Bxd5 16. Qxd5 Qd7 17. Bb6 Ne5 18. Be2 Nf7 19. Bc4 0-0 20. f4 Qc6 21. Bd4 Rac8 22. Bd3 Rfe8 23. Qe6 Rc7 24. f5 g5 25. c3 Qd7 26. Be2 h4 27. Bh5 Rf8 28. Qb3 Bh6 29. Rbd1 Kg7 30. Bxf7 Rxf7 31. e5 fxe5 32. Bxe5+ Kf8 33. f6 Rc6 34. fxe7+ Qxe7 35. Rxf7+ Qxf7 36. Rf1 Qxf1+ 37. Kxf1 dxe5 38. Qxb7 Re6 39. c4 e4 40. c5 g4 41. c6 e3 42. Ke2 Rf6 43. c7 Rf2+ 44. Ke1 Kg8 45. c8Q+ Rf8 46. Qxg4+ 1-0

[Event "TUR-chT2"]
[Site "Konya"]
[Date "2017.07.11"]
[Round "4.9"]
[White "Aydin, Bilal"]
[Black "Taskaya, Fesih"]
[Result "0-1"]
[WhiteElo "1535"]
[BlackElo "1649"]
[PlyCount "73"]
[EventDate "2017.07.09"]
[EventType "team-swiss"]
[EventRounds "9"]
[EventCountry "TUR"]
[SourceTitle "CBM 179 Extra"]
[Source "ChessBase"]
[SourceDate "2017.08.23"]
[SourceVersion "1"]
[SourceVersionDate "2017.08.23"]
[SourceQuality "1"]
[WhiteTeam "Genclik Il Mudurlugu"]
[BlackTeam "Onay"]
[WhiteTeamCountry "TUR"]
[BlackTeamCountry "TUR"]

1. e4 c5 2. Nf3 e6 3. d4 cxd4 4. Nxd4 Nc6 5. Nc3 a6 6. a3 Nf6 7. Be2 Be7 8. 0-0 0-0 9. Kh1 Qc7 10. f4 b5 11. e5 Ne8 12. Ne4 Bb7 13. Bf3 Rd8 14. Nxc6 dxc6 15. Qe2 g6 16. Be3 Ng7 17. g4 c5 18. Qg2 Ba8 19. Rad1 Kh8 20. Qg1 a5 21. c3 c4 22. Bb6 Qc8 23. Bxd8 Bxd8 24. Qe3 h5 25. h3 Qb8 26. f5 Qxe5 27. Rxd8 Rxd8 28. Qh6+ Kg8 29. f6 Ne8 30. Ng5 Bxf3+ 31. Nxf3 Qe2 32. Kg1 Nxf6 33. gxh5 Rd1 34. Rxd1 Qxd1+ 35. Kf2 Ne4+ 36. Kg2 Qe2+ 37. Kg1 0-1